<?xml version="1.0" encoding="UTF-8"?>
<record
    xmlns:xsi="http://www.w3.org/2001/XMLSchema-instance"
    xsi:schemaLocation="http://www.loc.gov/MARC21/slim http://www.loc.gov/standards/marcxml/schema/MARC21slim.xsd"
    xmlns="http://www.loc.gov/MARC21/slim">

  <leader>01068    a2200229   4500</leader>
  <controlfield tag="005">20120125100147.0</controlfield>
  <datafield tag="010" ind1=" " ind2=" ">
    <subfield code="a">HIN-79985</subfield>
  </datafield>
  <datafield tag="020" ind1=" " ind2=" ">
    <subfield code="c">95.00</subfield>
  </datafield>
  <datafield tag="035" ind1=" " ind2=" ">
    <subfield code="a">HN-52331</subfield>
  </datafield>
  <datafield tag="035" ind1=" " ind2=" ">
    <subfield code="a">B-199691</subfield>
  </datafield>
  <datafield tag="037" ind1=" " ind2=" ">
    <subfield code="b">D.B.Act / pub</subfield>
  </datafield>
  <datafield tag="082" ind1=" " ind2=" ">
    <subfield code="a">050</subfield>
  </datafield>
  <datafield tag="245" ind1=" " ind2=" ">
    <subfield code="a">&#x92E;&#x928;&#x94B;&#x930;&#x92E;&#x93E; &#x907;&#x92F;&#x930; &#x92C;&#x941;&#x915; 2007</subfield>
    <subfield code="c">&#x938;&#x902;&#x92A;&#x93E;&#x926;&#x915; &#x915;&#x947;.&#x90F;&#x92E;.&#x92E;&#x93E;&#x924;&#x94D;&#x92F;&#x941;</subfield>
  </datafield>
  <datafield tag="246" ind1=" " ind2=" ">
    <subfield code="a">Manerama Year book,2007</subfield>
  </datafield>
  <datafield tag="260" ind1=" " ind2=" ">
    <subfield code="a">&#x915;&#x947;&#x930;&#x932;</subfield>
    <subfield code="b">&#x92E;&#x932;&#x92F;&#x93E;&#x932;&#x93E; &#x92E;&#x928;&#x94B;&#x930;&#x92E;&#x93E;</subfield>
    <subfield code="c">2007</subfield>
  </datafield>
  <datafield tag="270" ind1=" " ind2=" ">
    <subfield code="a">&#x92A;&#x940;.&#x92C;&#x940;.&#x928;.26, &#x915;&#x94B;&#x91F;&#x94D;&#x91F;&#x92F;&#x92E;&#x93E;</subfield>
    <subfield code="b">&#x915;&#x947;&#x930;&#x932;</subfield>
    <subfield code="e">686001</subfield>
    <subfield code="k">2563646</subfield>
    <subfield code="l">91-4812562479</subfield>
    <subfield code="m">yeabook@mm.co.in</subfield>
  </datafield>
  <datafield tag="300" ind1=" " ind2=" ">
    <subfield code="a">800&#x92A;&#x943;</subfield>
    <subfield code="c">22 &#x938;&#x947;&#x92E;&#x940; (&#x905;&#x91C;&#x93F;&#x932;&#x94D;&#x926;)</subfield>
  </datafield>
  <datafield tag="700" ind1=" " ind2=" ">
    <subfield code="a">&#x92E;&#x93E;&#x924;&#x94D;&#x92F;&#x941;, &#x915;&#x947;.&#x90F;&#x92E;.</subfield>
    <subfield code="9">40112</subfield>
  </datafield>
  <datafield tag="942" ind1=" " ind2=" ">
    <subfield code="a">dpl</subfield>
    <subfield code="c">HN</subfield>
    <subfield code="k">050 / &#x92E;&#x928;&#x94B;&#x930;</subfield>
    <subfield code="2">ddc</subfield>
    <subfield code="h">050 </subfield>
    <subfield code="m"> &#x92E;&#x928;&#x94B;&#x930;</subfield>
  </datafield>
  <datafield tag="999" ind1=" " ind2=" ">
    <subfield code="c">4407</subfield>
    <subfield code="d">4407</subfield>
  </datafield>
  <datafield tag="952" ind1=" " ind2=" ">
    <subfield code="0">0</subfield>
    <subfield code="1">0</subfield>
    <subfield code="4">0</subfield>
    <subfield code="7">0</subfield>
    <subfield code="a">DBAD</subfield>
    <subfield code="b">DBAD</subfield>
    <subfield code="d">2008-09-05</subfield>
    <subfield code="g">95.00</subfield>
    <subfield code="l">0</subfield>
    <subfield code="o">050   &#x92E;&#x928;&#x94B;&#x930;</subfield>
    <subfield code="p">HN-52331</subfield>
    <subfield code="r">2008-09-15 00:00:00</subfield>
    <subfield code="t">1</subfield>
    <subfield code="u">4658</subfield>
    <subfield code="v">95.00</subfield>
    <subfield code="w">2008-09-15</subfield>
    <subfield code="y">HN</subfield>
  </datafield>
  <datafield tag="952" ind1=" " ind2=" ">
    <subfield code="0">0</subfield>
    <subfield code="1">0</subfield>
    <subfield code="4">0</subfield>
    <subfield code="7">0</subfield>
    <subfield code="8">NFIC</subfield>
    <subfield code="a">ZLS</subfield>
    <subfield code="b">ZLS</subfield>
    <subfield code="d">2012-01-25</subfield>
    <subfield code="g">120.00</subfield>
    <subfield code="l">0</subfield>
    <subfield code="o">050   &#x92E;&#x928;&#x94B;&#x930;</subfield>
    <subfield code="p">B-199691</subfield>
    <subfield code="r">2012-01-25 00:00:00</subfield>
    <subfield code="v">120.00</subfield>
    <subfield code="w">2012-01-25</subfield>
    <subfield code="y">HN</subfield>
  </datafield>
</record>
